Paso Robles Sub AVA Quiz Stats

 Plays Quiz not verified by Sporcle

Challenge
Share
Tweet
Embed
Score 0/12 Timer 02:00
0 Plays Today
% Correct
Creston District
93.3%
Adelaida District
90%
San Miguel District
90%
San Juan Creek
90%
Santa Margarita Ranch
90%
Estrella District
86.7%
Geneseo District
86.7%
El Pomar District
86.7%
Highlands District
86.7%
York Mountain
86.7%
Willow Creek District
82.1%
Templeton Gap District
73.3%

You're not logged in!

Compare scores with friends on all Sporcle quizzes.
Join for Free
OR
Log In

You Might Also Like...

Show Comments

Extras

Created Jan 25, 2016ReportNominate

Top Quizzes Today


Score Distribution

Your Account Isn't Verified!

In order to create a playlist on Sporcle, you need to verify the email address you used during registration. Go to your Sporcle Settings to finish the process.

Report this User

Report this user for behavior that violates our Community Guidelines.

Details: